Kisgyermeke tragikus halála miatt leugrott a második emeletről és halálra zúzta magát Andrásfi adóhivatali ellenőr felesége [részletes tudósítás]
Elmentve itt :
| Dokumentumtípus: | Cikk |
|---|---|
| Megjelent: |
1941-08-23
|
| Sorozat: | Délmagyarország
17 No. 191 |
| Kulcsszavak: | Andrásfi Sándorné, Haláleset |
| Online Access: | http://dmarchiv.bibl.u-szeged.hu/41418 |
| LEADER | 00552nab a2200145 i 4500 | ||
|---|---|---|---|
| 001 | delm41418 | ||
| 005 | 20180927130016.0 | ||
| 008 | 180927s1941 hu o 0|| hun d | ||
| 040 | |a SZTE Délmagyarország Archívum |b hun | ||
| 041 | |a hun | ||
| 245 | 0 | 0 | |a Kisgyermeke tragikus halála miatt leugrott a második emeletről és halálra zúzta magát Andrásfi adóhivatali ellenőr felesége |h [elektronikus dokumentum] : |b [részletes tudósítás] |
| 260 | |c 1941-08-23 | ||
| 300 | |a 3 | ||
| 490 | 0 | |a Délmagyarország |v 17 No. 191 | |
| 695 | |a Andrásfi Sándorné, Haláleset | ||